01293nam a2200241Ia 4500001000600000003000900006008004100015040001300056040001300069041001300082100002400095100002900119245005700148245004600205250001100251260001100262260001300273260004900286300005900335500060000394650002600994650003101020A8410IT-RoPAU130308s9999 xx 000 0 und d aIT-RoPAU cIT-RoPAU aITALIANO aNeunheuser Burkhard gCodice Aut. SPICS: 2800 aRiforme liturgiche dal secolo IV al Vaticano II (Le) bLiturgia (La)-2-Panorama Storico Generale a1a ed. aTORINO bMarietti c1978 [1° Ed.:1978 - Ed.Ling.Originale:1978] a"29 p. (prefazione: no ; testo: 29 [pagine: 225-253])" aRiforme della Liturgia Romana: Storia e Caratteristiche. Dal Secolo Iv al Concilio di Trento: prime Riforme, Riforme Franco Germaniche, Rilancio Romano, Liturgia Secundum Usum Romanae Curiae, Dalla Liturgia della Curia Alla riforma Tridentina. Riforme Parziali nell'epoca Post Tridentina: Riforme nell'Area Gallicana, Progetti di riforma di Benedetto Xiv, tentativi di riforma Influenzati Dall'Illuminismo Italiano e Tedesco. Avvio dell'ultima riforma Liturgica: riforma di San Pio X, riforma di Pio Xii. costituzione Liturgica del Vaticano Ii. riforma Liturgica nell'Attuazione Post Conciliare. aSTORIA DELLA LITURGIA eCodice materia Spics: 9158